00486 2200193 4500001002100000005001500021008004100036020001800077035001900095041000700114082001000121090001000131100002200141245005000163250001000213260003300223300002400256650001200280INLIS00000000002401820241224131628241224||||||||| | ||| |||| || |  a979-3762-94-2 0010-1224024018 aid0 a745.5 a745.50 aerryza susilo,s.s00apanduan praktis membuat bros dari manik manik aCet.2 atangerangbQultumMediac2007 a47 hlm,;15cm x 23cm 0aPanduan